000 00977cam a22001934a 4500
005 20250605163927.0
008 250528s ||||||||||||||||||||||||d
035 _a14574
020 _a140134654
040 _aGR-AtMCL
_bgre
_dGR-AtMCL
_eAACR2
245 1 _aThe Anatomy of Human Destructiveness
300 _a688
520 _aA major work of argument and reflection on human aggression. Preface, Terminology, Introduction: Instincts and Human Passions, Instinctivists and Behaviorism and Psychoanalysis, The Instinctivists, Environmentalists and Behaviorists, Instinctivism and Behaviorism, Malignant Aggression: Cruelty and Destructiveness, Malignant Aggression: Necrophilia, Malignant Aggression: Adolf Hilter - a Clinical Case of Necrophilia, Epilogue: On the Ambiguity of Hope, Freud's Theory of Aggressiveness and Destructiveness, Bibliography, Index.
700 1 _aFromm Erich
_9288
942 _cBK
260 _bPenguin Books
999 _c198
_d198